Welcome to the Holygrace Academy Library

Please use search bar below to get started

HARRY POTTER (Record no. 3830)

MARC details
000 -LEADER
fixed length control field 00649nam a22001457a 4500
020 ## - INTERNATIONAL STANDARD BOOK NUMBER
ISBN 978-1-4088-9465-1
082 ## - DEWEY DECIMAL CLASSIFICATION NUMBER
Classification number 823
Item number ROW/H
100 ## - MAIN ENTRY--AUTHOR NAME
Personal name ROWLING, J K
245 ## - TITLE STATEMENT
Title HARRY POTTER
Remainder of title AND THE GOBLET OF FIRE
260 ## - PUBLICATION, DISTRIBUTION, ETC. (IMPRINT)
Place of publication LONDON
Name of publisher BLOOMSBURY
Year of publication 2018
300 ## - PHYSICAL DESCRIPTION
Number of Pages 617
520 ## - SUMMARY, ETC.
Summary, etc It follows Harry Potter, a wizard in his fourth year at Hogwarts School of Witchcraft and Wizardry, and the mystery surrounding the entry of Harry's name into the Triwizard Tournament, in which he is forced to compete. The book was published in the United Kingdom by Bloomsbury and in the United States by Scholastic.
650 ## - SUBJECT ADDED ENTRY--TOPICAL TERM
Topical Term NOVEL
Geographic subdivision UNITED KINGDOM
942 ## - ADDED ENTRY ELEMENTS (KOHA)
Koha item type Books
Holdings
Withdrawn status Lost status Collection code Home library Current library Shelving location Date acquired Source of acquisition Full call number Accession Number Koha item type
    Fiction Main Library Main Library SHELF-14-K- ALPHABETICAL- R --ENGLISH NOVELS & FICTIONS 25/01/2019 purchase 823 ROW/H 10668 Books